Bharat: varshik sandarbh granth (Record no. 483524)

000 -LEADER
fixed length control field 00428cam a22001217a 4500
008 - FIXED-LENGTH DATA ELEMENTS--GENERAL INFORMATION
fixed length control field 180718b1997 xxu||||| |||| 00| 0 eng d
082 ## - DEWEY DECIMAL CLASSIFICATION NUMBER
Classification number A84x54 In2/1996
245 ## - TITLE STATEMENT
Title Bharat: varshik sandarbh granth
Statement of responsibility, etc. by Ministry of Information and Broadcasting
260 ## - PUBLICATION, DISTRIBUTION, ETC.
Place of publication, distribution, etc. New Delhi
Name of publisher, distributor, etc. Ministry of Information and Broadcasting
Date of publication, distribution, etc. 1997
300 ## - PHYSICAL DESCRIPTION
Extent 847p.
650 ## - SUBJECT ADDED ENTRY--TOPICAL TERM
Topical term or geographic name entry element India - Yearbooks
700 ## - ADDED ENTRY--PERSONAL NAME
Personal name India. Ministry of Information and Broadcasting
Holdings
Withdrawn status Lost status Damaged status Not for loan Permanent Location Current Location Date acquired Full call number Barcode Date last seen Price effective from Koha item type
        Indian Institute of Public Administration Indian Institute of Public Administration 2018-08-04 A84x54 In2/1996 G19111 2018-08-04 2018-08-04 G

Powered by Koha